000 00475nam a22001697a 4500
005 20260409132856.0
008 260409b |||||||| |||| 00| 0 eng d
037 _cDSWL
040 _aDSWL
_cDSWL
041 _heng
245 _aIndia Development Report 2015
260 _aNew Delhi,
_bOxford University Press,
_c2015
300 _a568p
365 _aINR
_b995
942 _2CC
_cTEXL
_n0
999 _c1848168
_d1848168